00773 2200265 4500001002100000008004100021035002000062245010000082100002700182260004000209300001300249020002200262084001600284082000800300650001200308990001900320990002100339990002100360990002100381990002100402990002100423990002100444990002100465990002100486INLIS000000000001056 ind  a0010-0724001056 aRahasiaku Ensiklopediaku Inilah Keajaiban Tubuh ManusiabEnsiklopediakucTim armandelta selaras aTim armandelta selaras aJakarta :bArmandelta selarasc2008 a158 hlm. a978-979-26-7181-0 a551.1 TIM r a551 aGeologi aP29/CP/24/1056 aP29/CP/24/1056.1 aP29/CP/24/1056.2 aP29/CP/24/1056.3 aP29/CP/24/1056.4 aP29/CP/24/1056.5 aP29/CP/24/1056.6 aP29/CP/24/1056.7 aP29/CP/24/1056.8